| 000 | 01180cam a2200349I 4500 | ||
|---|---|---|---|
| 001 | 49787 | ||
| 005 | 20230410101628.0 | ||
| 008 | 721002s1940 ncuab bm 000 0 eng | ||
| 010 | _a 40011470 | ||
| 035 | _a(OCoLC)ocm00420090 | ||
| 040 |
_aDLC _cOUN _dSER _dOCLCQ _dOCLCG _dSTF |
||
| 029 | 1 |
_aAU@ _b000008815693 |
|
| 035 | _a(OCoLC)420090 | ||
| 043 |
_anwht--- _an-us--- |
||
| 050 | 1 | 4 |
_a110 E 183.8 _bM759h 1940 |
| 082 | 0 | 0 | _a327.73097294 |
| 100 | 1 |
_aMontague, Ludwell Lee, _d1907- |
|
| 245 | 1 | 0 |
_aHaiti and the United States, 1714-1938 / _cby Ludwell Lee Montague ... with a foreword by J. Fred Rippy ... |
| 260 |
_aDurham, N.C., _bDuke University Press, _c1940. |
||
| 300 |
_axiv, 308 p. _billus. (maps) _c24 cm. |
||
| 440 | 0 | _aDuke University publications | |
| 502 | _aThesis (PH. D.)--Duke University, 1935. | ||
| 500 | _aWithout thesis note. | ||
| 500 | _aMap on lining-papers. | ||
| 504 | _a"Bibliography of works cited": p. 293-302. | ||
| 651 | 0 |
_aHaiti _xForeign relations _zUnited States. |
|
| 651 | 0 |
_aUnited States _xForeign relations _zHaiti. |
|
| 650 | 4 | _aCEH | |
| 650 | 4 | _aColección Estudios Haitianos | |
| 942 |
_2lcc _cbk |
||
| 994 |
_aC0 _bDRFGD |
||
| 999 |
_c11244 _d11244 |
||